| 000 | 00394nam a2200133 i 4500 | ||
|---|---|---|---|
| 001 | 44562 | ||
| 003 | ES-MaACL | ||
| 007 | t| | ||
| 008 | 030321s1886 sp ||||1| spa d | ||
| 245 | 0 | 0 |
_aApéndice al código de comercio _b: colección de leyes y disposiciones complementarias del mismo. |
| 260 |
_aMadrid : _bPedro Nuñez, _c1886. |
||
| 300 |
_a271 p. ; _c19 cm. |
||
| 852 |
_aES-MaACL _jB-6660 |
||
| 999 |
_c44562 _d44562 |
||